000 00617nam a2200253Ia 4500
003 OSt
005 20221005035427.0
006 a|||||r|||| 00| 0
007 ta
008 221004b |||||||| |||| 00| 0 eng d
020 _a8190082205
024 _a31191
037 _cTextual
040 _aCRL
_cCRL
_beng
041 _2eng
_aeng
082 _aZ, N7
100 _aKumar N
245 0 _aNatural justice
_b Principle and practice
260 _aDelhi
_bKanuni Salah Kendra
_c1997
300 _a243p.
_ccm.
650 _aLAW
942 _hZ, N7
_cTEXL
_2cc
999 _c945089
_d945089